| 000 | 00471cam a2200181ua 4500 | ||
|---|---|---|---|
| 003 | OSt | ||
| 008 | 240213b |||||||| |||| 00| 0 eng d | ||
| 041 | _aeng | ||
| 082 |
_a635 _bPET/SP |
||
| 100 |
_aPeter, K V. _9305 |
||
| 245 | 0 | 0 | _aSpices / |
| 260 |
_aNew Delhi : _bNew India Publishing Agency , _c2007. |
||
| 300 |
_a316 ; _eCD. |
||
| 490 | 0 | _aHorticultural Science Series No. 5, | |
| 700 | 1 |
_aMini Raj, N . _96019 |
|
| 700 | 1 |
_aNybe, E.V . _96020 |
|
| 942 | _cBK | ||
| 999 |
_c13254 _d13254 |
||